<?xml version="1.0" encoding="UTF-8"?>
<record
    xmlns:xsi="http://www.w3.org/2001/XMLSchema-instance"
    xsi:schemaLocation="http://www.loc.gov/MARC21/slim http://www.loc.gov/standards/marcxml/schema/MARC21slim.xsd"
    xmlns="http://www.loc.gov/MARC21/slim">

  <leader>00726nam a2200169   4500</leader>
  <controlfield tag="005">20260327221316.0</controlfield>
  <controlfield tag="008">-</controlfield>
  <datafield tag="020" ind1=" " ind2=" ">
    <subfield code="a">9789968589284</subfield>
  </datafield>
  <datafield tag="040" ind1=" " ind2=" ">
    <subfield code="a">Biblioteca LadoV Teor&#xE9;tica</subfield>
    <subfield code="c">Biblioteca LadoV Teor&#xE9;tica</subfield>
    <subfield code="e">rda</subfield>
  </datafield>
  <datafield tag="082" ind1="0" ind2="4">
    <subfield code="a">CR 759.972 86</subfield>
    <subfield code="b">C512a</subfield>
  </datafield>
  <datafield tag="100" ind1="1" ind2=" ">
    <subfield code="a">Chavarr&#xED;a Zamora, Mar&#xED;a Jos&#xE9;</subfield>
    <subfield code="9">505</subfield>
  </datafield>
  <datafield tag="245" ind1="1" ind2="0">
    <subfield code="a">Valle oscuro : </subfield>
    <subfield code="b">Adri&#xE1;n Arguedas Ruano /</subfield>
    <subfield code="c">Mar&#xED;a Jos&#xE9; Chavarr&#xED;a Zamora, editora; Prologo de Esteban Calvo Campos; Fotograf&#xED;as Tiffany Fern&#xE1;ndez Estrada y Mar&#xED;a Lourdes Robert Montes de Oca.</subfield>
  </datafield>
  <datafield tag="260" ind1=" " ind2=" ">
    <subfield code="a">Costa Rica : </subfield>
    <subfield code="b">Museo de Arte y Dise&#xF1;o Contempor&#xE1;neo,</subfield>
    <subfield code="c">2024</subfield>
  </datafield>
  <datafield tag="300" ind1=" " ind2=" ">
    <subfield code="a">168 p&#xE1;ginas : </subfield>
    <subfield code="b">fotograf&#xED;as a color ; </subfield>
    <subfield code="c">21,59 x 27,94 cm. </subfield>
  </datafield>
  <datafield tag="650" ind1=" " ind2="4">
    <subfield code="a">PINTORES COSTARRICENSES</subfield>
  </datafield>
  <datafield tag="942" ind1=" " ind2=" ">
    <subfield code="2">ddc</subfield>
    <subfield code="c">1</subfield>
    <subfield code="n">0</subfield>
  </datafield>
  <datafield tag="999" ind1=" " ind2=" ">
    <subfield code="c">4628</subfield>
    <subfield code="d">4628</subfield>
  </datafield>
  <datafield tag="952" ind1=" " ind2=" ">
    <subfield code="0">0</subfield>
    <subfield code="1">0</subfield>
    <subfield code="2">ddc</subfield>
    <subfield code="4">0</subfield>
    <subfield code="7">0</subfield>
    <subfield code="a">LV</subfield>
    <subfield code="b">LV</subfield>
    <subfield code="d">2026-03-27</subfield>
    <subfield code="l">0</subfield>
    <subfield code="o">CR 759.972 86 C512a</subfield>
    <subfield code="r">2026-03-27 22:13:46</subfield>
    <subfield code="w">2026-03-27</subfield>
    <subfield code="y">1</subfield>
  </datafield>
</record>
